LocaldataCompany.com (Record no. 121110)
[ view plain ]
| 000 -LEADER | |
|---|---|
| fixed length control field | 00577nam a22001577a 4500 |
| 001 - CONTROL NUMBER | |
| control field | K121110 |
| 008 - FIXED-LENGTH DATA ELEMENTS--GENERAL INFORMATION | |
| fixed length control field | 190716b2019 ||||| |||| 00| 0 eng d |
| 110 ## - MAIN ENTRY--CORPORATE NAME | |
| 9 (RLIN) | 6275 |
| Corporate author | LocaldataCompany.com |
| 245 ## - TITLE STATEMENT | |
| Title | LocaldataCompany.com |
| 520 ## - ABSTRACT | |
| Abstract | Produces regular insights and case studies on market trends in the UK retail and leisure sectors. Pre-registration required for access to reports.. |
| 650 ## - KEYWORDS | |
| Keywords | Retail |
| 650 ## - KEYWORDS | |
| Keywords | Leisure |
| 651 ## - SUBJECT ADDED ENTRY--GEOGRAPHIC NAME | |
| Geographic name | United Kingdom |
| 690 ## - LOCAL SUBJECT ADDED ENTRY--TOPICAL TERM (OCLC, RLIN) | |
| 9 (RLIN) | 6227 |
| Topical term or geographic name as entry element | Commercial property |
| 856 ## - ONLINE RESOURCE | |
| Uniform Resource Identifier | https://www.localdatacompany.com/ |
| Public note | View at Localdatacompany.com |
| Withdrawn status | Lost status | Source of classification or shelving scheme | Damaged status | Not for loan | Home library | Current library | Shelving location | Date acquired | Total Checkouts | Date last seen | Price effective from | Koha item type |
|---|---|---|---|---|---|---|---|---|---|---|---|---|
| Dewey Decimal Classification | Virtual | Virtual | Online | 27/09/2019 | 27/09/2019 | 27/09/2019 | Online material |